Animaux carnivores #1 - Statistiques

Statistiques générales
  • Ce quiz a été pris 211 fois
  • Le résultat moyen est 7 sur 9
Statistiques - réponses
Par images Réponse % Correct
tigre
100%
lion
99%
renard
99%
ours polaire
92%
blaireau
81%
jaguar
75%
belette
66%
grizzly
64%
putois
34%
Aucun quiz correspondant
Distribution des résultats
% des personnes avec chaque résultat
Percentile par nombre de réponses
Votre historique - résultats
Vous n’avez pas pris ce quiz